00523nam a22001812 4500001001100000005001700011008004100028020001700069040001500086100003300101245004800134250001300182260003400195300001600229650004500245650004800290852000300338000001904220151217152143.0100902s xx 000 0 eng d a0071276157 : aKABUcKABU1 aArgenti, Paul A.@000017860410aCorporate communication /cPaul A. Argenti. a5th ed. aBoston :bMcGraw-Hill,c2009. axx, 311 p. 0aCommunication in management.@0000150639 0aCommunication in organizations.@00001506411